Statistics for Countries by Borders, Official Language or Currency in 60 Seconds

Click here to take the quiz!

General Stats

  • This quiz has been taken 2,997 times
  • The average score is 159 of 196

Answers on the Map

Answers color-coded by a green-red scale on the quiz's map according to % correct below.
Loading ...
 

Answer Stats

CurrencyLanguagesCountry% Correct
DollarEnglish, FrenchCanada
100%
EuroFrenchFrance
99%
DollarEnglishGuyana
99%
RupeeEnglish, Hindustani (Hindi)India
99%
PesoSpanishArgentina
98%
YuanChineseChina
98%
RupeeEnglish, Hindustani (Urdu)Pakistan
98%
RubleRussianRussia
98%
PoundArabic, EnglishSudan
98%
FrancArabic, FrenchChad
97%
PesoSpanishColombia
97%
EuroFinnish, SwedishFinland
97%
DollarEnglishNamibia
97%
DollarNoneUnited States
97%
PesoSpanishUruguay
97%
EuroDutch, French, GermanBelgium
96%
FrancFrench, EnglishCameroon
96%
EuroLithuanianLithuania
96%
EuroFrench, German, LuxembourgishLuxembourg
96%
WonKoreanNorth Korea
96%
FrancEnglish, French, KinyarwandaRwanda
96%
PoundEnglishSouth Sudan
96%
EuroSpanishSpain
96%
RubleBelarusian, RussianBelarus
95%
DollarEnglishBelize
95%
FrancFrench, SangoCentral African Republic
95%
FrancFrenchDemocratic Republic of the Congo
95%
EuroEstonianEstonia
95%
EuroGermanGermany
95%
EuroIrish, EnglishIreland
95%
TengeKazakh, RussianKazakhstan
95%
EuroLatvianLatvia
95%
TögrögMongolianMongolia
95%
FrancFrenchNiger
95%
EuroGermanAustria
94%
RealPortugueseBrazil
94%
DinarArabicLibya
94%
FrancFrenchMali
94%
SolSpanishPeru
94%
FrancFrenchRepublic of the Congo
94%
DollarChinese, English, Malay, TamilSingapore
94%
BolívarSpanishVenezuela
94%
DinarArabicAlgeria
93%
BolivianoSpanish, Quechua, AymaraBolivia
93%
DinarArabicIraq
93%
DollarEnglishLiberia
93%
DollarEnglish, Māori, New Zealand Sign LanguageNew Zealand
93%
KroneNorwegianNorway
93%
GuaraníSpanish, GuaraníParaguay
93%
ZłotyPolishPoland
93%
ShillingSwahili, EnglishTanzania
93%
HryvniaUkrainianUkraine
93%
PoundEnglishUnited Kingdom
93%
KwachaEnglishZambia
93%
DollarEnglishAntigua and Barbuda
92%
ManatAzerbaijaniAzerbaijan
92%
DollarEnglishBahamas
92%
DollarEnglishBarbados
92%
FrancFrenchBurkina Faso
92%
FrancKirundi, FrenchBurundi
92%
PesoSpanishChile
92%
DollarEnglishDominica
92%
DollarEnglishFederated States of Micronesia
92%
DollarEnglish, Fijian, Fiji HindiFiji
92%
DollarEnglishGrenada
92%
DollarEnglishJamaica
92%
DollarEnglish, GilberteseKiribati
92%
DollarEnglish, NauruanNauru
92%
DollarEnglish, PalauanPalau
92%
DollarEnglishSaint Kitts and Nevis
92%
DollarEnglishSaint Lucia
92%
DollarEnglishSaint Vincent and the Grenadines
92%
DollarEnglishSolomon Islands
92%
RandAfrikaans, English, Southern Ndebele, Northern Sotho, Sotho, Swazi, Tswana, Tsonga, Venda, Xhosa, ZuluSouth Africa
92%
DollarEnglishTrinidad and Tobago
92%
DollarTuvaluan, EnglishTuvalu
92%
NakfaEnglish, Arabic, TigrinyaEritrea
91%
PesoNoneMexico
91%
RialArabicOman
91%
RiyalArabicSaudi Arabia
91%
ShillingEnglish, SwahiliUganda
91%
PoundArabicEgypt
90%
DinarArabicJordan
90%
EuroMaltese, EnglishMalta
90%
EuroPortuguesePortugal
90%
NoneEnglish, Shona, Northern NdebeleZimbabwe
90%
FrancFrenchCote d'Ivoire
89%
FrancArabic, FrenchDjibouti
89%
FrancFrenchGabon
89%
EuroItalianItaly
89%
DinarArabicKuwait
89%
EuroFrenchMonaco
89%
DollarDutchSuriname
89%
DirhamArabicUnited Arab Emirates
89%
RialArabicYemen
89%
FrancSpanish, French, PortugueseEquatorial Guinea
88%
LariGeorgianGeorgia
88%
LotiEnglish, SothoLesotho
88%
DirhamBerber, ArabicMorocco
88%
NairaEnglishNigeria
88%
LilangeniEnglish, SwaziSwaziland
88%
FrancFrenchBenin
87%
PesoSpanishCuba
87%
FrancFrenchGuinea
87%
OuguiyaArabicMauritania
87%
KinaEnglish, Tok Pisin, Hiri MotuPapua New Guinea
87%
PesoEnglish, FilipinoPhilippines
87%
RiyalArabicQatar
87%
FrancFrenchSenegal
87%
FrancGerman, French, Italian, RomanshSwitzerland
87%
DinarArabicTunisia
87%
FrancArabic, Comorian, FrenchComoros
86%
PesoSpanishDominican Republic
86%
ShillingEnglish, SwahiliKenya
86%
DollarNoneAustralia
85%
EuroItalianSan Marino
85%
PoundArabicSyria
85%
EuroItalianVatican City
85%
QuetzalSpanishGuatemala
84%
RupeeFrench, English, Seychellois CreoleSeychelles
84%
FrancFrenchTogo
84%
AfghaniPashto, Persian (Dari)Afghanistan
83%
ColónSpanishCosta Rica
83%
RialPersianIran
83%
NoneSpanishEcuador
82%
CediEnglishGhana
82%
LempiraSpanishHonduras
82%
KwachaChewa, EnglishMalawi
82%
CórdobaSpanishNicaragua
82%
BalboaSpanishPanama
82%
ShillingArabic, SomaliSomalia
81%
LiraTurkishTurkey
81%
KwanzaPortugueseAngola
80%
ColónSpanishEl Salvador
80%
EuroGreekGreece
79%
PoundArabicLebanon
79%
LeoneEnglishSierra Leone
79%
EuroSloveneSlovenia
79%
VatuBislama, English, FrenchVanuatu
79%
DalasiEnglishGambia
78%
ShekelArabic, HebrewIsrael
78%
TālāEnglish, SamoanSamoa
77%
PaʻangaEnglish, TonganTonga
77%
NoneEnglish, MarshalleseMarshall Islands
76%
MeticalPortugueseMozambique
74%
EuroDutchNetherlands
73%
DinarArabicBahrain
72%
NonePortuguese, TetumEast Timor
72%
EuroSlovakSlovakia
71%
FrancPortugueseGuinea-Bissau
70%
DinarSerbianSerbia
70%
AriaryFrench, MalagasyMadagascar
69%
DollarChineseTaiwan
69%
LevBulgarianBulgaria
68%
KyatBurmeseMyanmar
68%
EuroCatalanAndorra
67%
GourdeFrench, Haitian CreoleHaiti
67%
KipLaoLaos
67%
ForintHungarianHungary
66%
LeuRomanianRomania
66%
DramArmenianArmenia
65%
DollarMalayBrunei
65%
RupeeNepaliNepal
65%
KronaSwedishSweden
65%
EuroGreek, TurkishCyprus
63%
RupiahMalay (Indonesian)Indonesia
63%
RinggitMalayMalaysia
62%
SomoniPersian (Tajik)Tajikistan
62%
NoneGermanLiechtenstein
59%
ManatTurkmenTurkmenistan
59%
DongVietnameseVietnam
58%
YenJapaneseJapan
57%
BahtThaiThailand
57%
NgultrumDzongkhaBhutan
55%
KroneDanishDenmark
55%
SomKyrgyz, RussianKyrgyzstan
55%
EscudoPortugueseCape Verde
53%
DobraPortugueseSão Tomé and Príncipe
53%
KunaCroatianCroatia
52%
BirrAmharicEthiopia
52%
DenarMacedonianMacedonia
52%
NoneMontenegrinMontenegro
52%
MarkBosnian, Croatian, SerbianBosnia and Herzegovina
51%
PulaTswanaBotswana
45%
RupeeSinhala, TamilSri Lanka
45%
NoneAlbanian, Serbo-Croatian (Serbian)Kosovo
44%
LeuRomanian (Moldovan)Moldova
44%
TakaBengaliBangladesh
43%
RielKhmerCambodia
41%
KorunaCzechCzech Republic
41%
SomUzbekUzbekistan
41%
KronaIcelandicIceland
40%
WonKoreanSouth Korea
39%
LekAlbanianAlbania
29%
RupeeNoneMauritius
15%
RufiyaaMaldivianMaldives
6%

Score Distribution

Percentile by Number Answered

Percent of People with Each Score

Your Score History

You have not taken this quiz